| 000 | 00866cab a2200241 4500 | ||
|---|---|---|---|
| 001 | WB3014-72 | ||
| 008 | 090401t1994 xxu||||| |||| 00| 0 eng d | ||
| 035 | _a(Sirsi) u24369 | ||
| 041 | _aeng | ||
| 245 | _aPlanning permission | ||
| 260 | _c1994 | ||
| 350 | _a0 | ||
| 490 |
_aEstates Gazette Case Summaries _v1994 EGCS 67 (9/4/94) |
||
| 520 | _a"R v SoS Environment ex parte Slough BC", QBD 25 March 1994, concerned a planning application in which no reference was made to the size of the development and where the floorspace was significantly greater than mentioned in the council`s original application form. | ||
| 650 | _aCLASS B1(A) | ||
| 650 | _aFLOORSPACE | ||
| 650 |
_aMeasurement _96256 |
||
| 650 | _aOFFICE DEVELOPMENT | ||
| 650 | _aPLANNING APPLICATIONS | ||
| 690 | _aPLANNING LAW AND PRACTICE-CASE LAW | ||
| 942 | _n0 | ||
| 948 | _c04/03/1997 | ||
| 999 |
_c16341 _d16341 |
||